000 00296nam a2200121Ia 4500
008 220216s9999 xx 000 0 und d
100 _aPaul Kalyan K
245 0 _aTrends in the Indian tyre industry
260 _bFacts For You
_c2003
300 _a31-32
650 _aTyre industry
942 _cJS
999 _c71569
_d71569